IPL 2023 Purple Cap Leaders - Statistics

General Stats
  • This quiz has been taken 60 times
    58 since last reset
  • The average score is 7 of 10
Answer Stats
Team Wickets Answer % Correct
GT 28 Mohammad Shami
98%
GT 27 Rashid Khan
96%
GT 27 Mohit Sharma
77%
RCB 19 Mohammed Siraj
72%
CSK 20 Ravindra Jadeja
70%
RR 21 Yuzvendra Chahal
68%
CSK 19 Matheesha Pathirana
57%
MI 22 Piyush Chawla
57%
CSK 21 Tushar Deshpande
53%
KKR 20 Varun Chakaravarthy
17%
No matching quizzes found
Score Distribution
Percent of People with Each Score
Percentile by Number Answered
Your Score History
You have not taken this quiz since the last reset